000 00693cam a2200157 4500500
005 20260111085053.0
041 _afre
042 _adc
100 1 0 _aHoman, Sophie
_eauthor
245 0 0 _aRéhabilitation d’une médecine traditionnelle et recompositions identitaires
260 _c2009.
500 _a14
520 _aPrésentées comme extrémistes, les familles juives installées dans les implantations des Territoires occupés depuis 1967 ne se considèrent pas comme des colons.
786 0 _nLes Cahiers de l'Orient | 95 | 3 | 2009-08-04 | p. 145-155 | 0767-6468
856 4 1 _uhttps://shs.cairn.info/revue-les-cahiers-de-l-orient-2009-3-page-145?lang=fr&redirect-ssocas=7080
999 _c1617614
_d1617614